Szeged Washington a szenzáció küszöbén. Gyógyszer készül az AIDS ellen.
Elmentve itt :
| Dokumentumtípus: | Cikk |
|---|---|
| Megjelent: |
1992-08-18
|
| Sorozat: | Délmagyarország
|
| Kulcsszavak: | Szerves Kémiai Tanszék, Földeák Sándor |
| Online Access: | http://univ.bibl.u-szeged.hu/27529 |
| LEADER | 00489nab a2200145 i 4500 | ||
|---|---|---|---|
| 001 | univ27529 | ||
| 005 | 20171214104927.0 | ||
| 008 | 171214s1992 hu o 0|| zxx d | ||
| 040 | |a SZTE UnivHistória Repozitórium |b hun | ||
| 041 | |a zxx | ||
| 245 | 0 | 0 | |a Szeged Washington |h [elektronikus dokumentum] : |b a szenzáció küszöbén. Gyógyszer készül az AIDS ellen. |
| 260 | |c 1992-08-18 | ||
| 490 | 0 | |a Délmagyarország | |
| 561 | |a Egyetemi hirarchívum | ||
| 695 | |a Szerves Kémiai Tanszék, Földeák Sándor | ||